000 00399nam a2200157Ia 4500
003 Ost
005 20260225132538.0
008 260225s9999||||xx |||||||||||||| ||und||
040 _cfsic
041 _afre
082 _a320
100 _aJean pierre chevenement
_eAuteur
245 0 _aLe vert et le noir :
245 0 _bintégrisme pétrole et dollard /
_cJean pierre chevenement
942 _cكتاب
999 _c33331
_d33331